00477nam a2200133Ia 4500008004100000082001600041100005000057245005800107260003300165300000900198942001200207999001900219952010500238210430s9999 xx 000 0 und d a150 S9743 P aVirginia Staudt Sexton, Henryk Misian9128942 aPsychology Around The World /cVirginia Staudt Sexton aUKbFlorence, Kentuckyc1976 a470p cBK2ddc c563263d563263 001040708NFICaSCMEbSCMEcGENd0006-09-11l0o150 S9743 PpSCME-2174r2021-04-30w2021-04-30yBK